00756 a2200205 4500010001400000020002300014035001300037037001600050082001200066090001700078245004300095260005700138270010500195300003300300500002100333700001500354942002700369999001700396952013700413 aENG-89964 c400.00a8175201037 aEN-73497 bDBAD / PUB14a620.007 c12071d120711 aHandbook on engineering education 2008 aNew DelhibAssociation of Indian Universitiesc2008 aAIU House, 16, Comrade Indrajit Gupta Marg (Kotla Marg),bNew DelhicDelhie110002maiu@bolo.net.in axxxviii, 528p.c22 cm (pbk) aIncludes index aDeb, Anish adplcENk620.007 / HAN c11717d11717 00102ddc40718NFICaDBADbDBADeDBAD/PUBg400.00l0o620.007 HANpEN-73497r2008-09-15 00:00:00t1u12832v400.00w2008-09-15yEN